Donativos 2017 El efecto del ISR en donantes y donatarias autorizadas /

Detalles Bibliográficos
Autor principal: Luna Guerra, Antonio
Formato: eBook
Lenguaje:español
Publicado: Mx̌ico DF: Ediciones Fiscales ISEF, 2017
Materias:
Acceso en línea:Acceso restringido

MARC

LEADER 00000nam a22000007a 4500
005 20170524001619.0
007 cr|||| ||||
008 170524s2017 mx |||||s|||| 00||0 spa d
020 |a 978-607-406-904-4 
035 |a 20262 
040 |a vLex 
090 |c 6695  |d 6695 
100 1 |a Luna Guerra, Antonio 
245 1 0 |a Donativos 2017  |h [Recurso electrn̤ico] :  |b El efecto del ISR en donantes y donatarias autorizadas /  |c Antonio Luna Guerra 
256 |a Servicio en ln̕ea 
260 |a Mx̌ico DF:  |b Ediciones Fiscales ISEF,  |c 2017 
300 |a 1 recurso electrn̤ico 
500 |a Este libro trata sobre el rǧimen fiscal de las donatarias conforme a la Ley del Impuesto sobre la Renta, incluyendo como determinar su remanente distribuible, as ̕como las entidades que pueden considerarse como tales, cumpliendo con las obligaciones correspondientes, tambiň los requisitos a cumplir para efectos de seguir siendo consideradas como tales, y lo que ocurre en relacin̤ a las entidades donantes respecto de su deducibilidad. 
506 1 |a Disponible solo en los productos indicados  |d vLex Global  |d vLex Global (Academic Edition, excluding Law Schools)  |d vLex Global (U.S. Academic Edition, Law Schools)  |d vLex Global (U.S. Academic Edition, excluding Law Schools)  |d vLex Global (Academic Edition, Law Schools) 
650 0 4 |a Derecho Fiscal  |z Mx̌ico 
740 0 |a vLex Libros (Servicio en ln̕ea) 
856 4 0 |u http://vlex.com/source/donativos-2017-el-efecto-del-isr-en-donantes-y-donatarias-autorizadas-20262  |z Acceso restringido 
942 |c BOOK 
999 0 |a Tax Law